Регионална библиотека "Любен Каравелов" - Русе

Щъркели на юг летяха (Запис номер 139515)

MARC детайли
000 -Лидер
Контролно поле с фиксирана дължина 01148nam a2200289 c 4500
003 - Код на организацията, давaща контролен номер
Контролно поле BLK
005 - Дата и час на последна редакция
Контролно поле 20180422112218.0
008 - Елементи от данни с фиксирана дължина
fixed length control field 180409b bul|||||r ||||||| ||bul||
010 ## - Наследен системен номер
LC control number KNG00145562000
040 ## - Източник на каталожния запис
Идентификатор на билиотеката - собственик на записа BLK
041 ## - Код за език
Код за езика на текст/звукозапис или на отделно заглавие Български
Код за езика КДБФ Български
080 ## - УДК
Текстов определител УДК Българска литература
УДК код - определител по УДК 821.163.2
УДК определител -93-1
УДК - код + определител 821.163.2-93-1
100 1# - Редна дума - Автор
Автор Евтимов, Евтим Михалушев
Авторска отговорност първи автор
R(LIN) 365147
139 ## - Редно поле
Редна дума Евтимов, Евтим Михалушев
Авторски знак Евт - Е 22
245 10 - Сведения за заглавието
Заглавие Щъркели на юг летяха
Подзаглавни данни Стихове за деца
Редно поле (дума) Евтим Михалушев Евтимов; нарис. Мана Парпулова.
257 ## - Страна на издаване
Страна на създаване/издаване България
260 ## - Област на издателските данни
-- София
Име на издателя, разпространителя и проч. Бълг. писател
Година на издаване 1973
300 ## - Физическа характеристика
Страници 63 с.
Илюстрации и др. с ил.
Размери/Мащаб 21 см
380 ## - Жанр
Жанр Детска худож. лит.
500 ## - Общи забележки
Забележка 5 100 тир.
700 1# - Други автори (авторска отговорност)
Лично име Парпулова, Мана
Автороска отговорност (Описва отношението между автора и произведението) нарис.
9 (RLIN) 376686
852 ## - Местоположение
Форматна сигнатура Цб 260748
856 4# - Електронен адрес и достъп
Електронен формат pdf - файл
Път до файла /url/
856 4# - Електронен адрес и достъп
Електронен формат pdf - файл
Път до файла /url/
942 ## - АРТИКУЛИ
Вид на библиотечния материал Книги
Скрит в OPAC Не
944 ## - СЪЗДАВАНЕ И РЕДАКЦИЯ на ЗАПИСА
Създаване/Редакция Създаване
Дата на регистрацията/редакция 11.07.2013
Статус, дата на статуса 11.07.2013 - от С1,Р / 11.07.2013
Служител, извършил регистрацията/редакцията Елиза_Атанасова
944 ## - СЪЗДАВАНЕ И РЕДАКЦИЯ на ЗАПИСА
Създаване/Редакция Редакция
Дата на регистрацията/редакция 11.09.2017
Статус, дата на статуса 11.07.2013 - от С1,Р / 11.07.2013
Служител, извършил регистрацията/редакцията Пенка_Димитрова
999 ## - СИСТЕМНИ КОНТРОЛНИ НОМЕРА
Koha biblionumber 139515
Koha biblioitemnumber 139515
Наличности
Код за отписване Код за изгубен артикул Източник на класификационната схема Код за повреда Коз за рестрикции Код за отдаване Артикулен № Име на библиотеката - собственик Име на библиотеката, в която се намира в момента Статус (Текущо местоположение) Дата на вписване в системата Местоположение - отдел Цена в лева Инвентарен номер Систематично азбучна сигнатура Баркод Номер на екземпляра Цена в евро Служебна бележка Служебен тип на артикула Бележка за публиката
  Не е изгубен Universal Decimal Classification Не е повреден без рестрикции ползва се в читалня 228475 Регионална библиотека "Любен Каравелов" Русе Регионална библиотека "Любен Каравелов" Русе Хранилище 1973-01-01 Хранилище 0.52 139770 Цб 260748 120000139770 1 0.27 N: стар фонд Дата: 01.01.1973 Книги  
Изтеглен Не е изгубен Universal Decimal Classification Не е повреден без рестрикции заемане за дома 228476 Регионална библиотека "Любен Каравелов" Русе Регионална библиотека "Любен Каравелов" Русе Детски отдел 1973-01-01 Детски отдел 0.52 140055 ДХ 886.7/Е 22 140055 2 0.27 N: стар фонд Дата: 01.01.1973 Дата инв: 15.09.2015 Бележки инв: Д2015 Книги  
Изтеглен Не е изгубен   Не е повреден без рестрикции заемане за дома 228477 Регионална библиотека "Любен Каравелов" Русе Регионална библиотека "Любен Каравелов" Русе   1973-01-01 Детски отдел 0.52 140057 ДХ 886.7/Е 22 140057 3 0.27 N: стар фонд Дата: 01.01.1973 Дата инв: 02.09.2015 Бележки инв: Д2015 Книги Отч.N: 26/2017 , Дата: 15.08.2017
Vip Innovations Ltd, Rousse, Bulgaria 2025